000 00450nam a2200181Ia 4500
008 240510s9999 xx 000 0 und d
020 _a9789551559171
041 _asih
082 _a800
082 _bN13
100 _aNAIDU, Beverly : Translator : SAMARANAYAKE, Chulananda
245 0 _aMidi Maru Katharin : The Otherside of Truth
260 _bColombo : Vidarshana
260 _c2008
300 _a243 p.
942 _2ddc
942 _cLBK
999 _c28262
_d28262
945 _a1
_bMadushi Gamage
_c1
_dMadushi Gamage